TRACKING UNCLEAR PROLIFERATION : (Record no. 4728)
[ view plain ]
| 000 -الفاتح | |
|---|---|
| حقل البيانات ثابتة الطول | 00675nam a2200205Ia 4500 |
| 008 - عناصر البيانات ثابتة الطول - معلومات عامة | |
| حقل البيانات ثابتة الطول | 140319s9999 xx 000 0 eng d |
| 040 ## - مصدر الفهرسة | |
| وكالة الفهرسة الأصلية | GCL / |
| وكالة النسخ | GCL |
| 082 04 - رقم تصنيف ديوى العشرى | |
| رقم التصنيف | 355.02170223 |
| رقم المادة | S T |
| 100 1# - المدخل الرئيسى - إسم شخصى | |
| الإسم الشخصى | SPECTOR, ROY |
| 245 10 - بيان العنوان | |
| العنوان | TRACKING UNCLEAR PROLIFERATION : |
| بقية العنوان | A GUIDE IN MAPS AND CHARTS, 1995 / |
| بيان المسئوليه,etc | SPECTOR, ROY |
| 700 1# - المدخل الاضافى - اسم شخصى | |
| الإسم الشخصى | MC DONOUGH, MARK G. |
| 700 1# - المدخل الاضافى - اسم شخصى | |
| الإسم الشخصى | MEDERIOS, EVAN S. |
| 260 ## - PUBLICATION, DISTRIBUTION, ETC. (IMPRINT) | |
| تاريخ النشر أو التوزيع | 1995 |
| 300 ## - الوصف المادى | |
| التعداد | 194 P |
| تفاصيل ماديه اخرى للوعاء | ILL, MAPS ؛ |
| أبعاد الوعاء | 25 cm. |
| 650 04 - المدخل الاضافى بالموضوع-مصطلح موضوعى | |
| مصطلح موضوعي | NUCLEAR WEAPONS |
| 650 04 - المدخل الاضافى بالموضوع-مصطلح موضوعى | |
| مصطلح موضوعي | NUCLEAR WEAPON FACILITIES - MAPS |
| 650 04 - المدخل الاضافى بالموضوع-مصطلح موضوعى | |
| مصطلح موضوعي | NUCLEAR WEAPONS FACILITIES - CHARTS, DIAGRAMS |
| 942 ## - عناصر المدخل الإضافي( كوها) | |
| مصدر التصنيف او مخطط الترفيف | Dewey Decimal Classification |
| Koha [default] item type | كتاب |
| 260 ## - PUBLICATION, DISTRIBUTION, ETC. (IMPRINT) | |
| -- | [S.N] : |
| -- | CARNEGIE EDNOWMENT FOR INTERNATIONAL PEACE ، |
| حالة التراجع | حالة الفقد | حالة تلف | ليس للاعارة | المكان المؤقت | الموقع الحالى | تاريخ الاكتساب | اجمالي اﻻعارات | رقم الطلب | الباركود | تاريخ اخر مشاهدة | تاريخ تفعيل السعر | نوع وعاء كوها |
|---|---|---|---|---|---|---|---|---|---|---|---|---|
| مكتبة القاهرة الكبرى | مكتبة القاهرة الكبرى | 03/26/2014 | 355.02170223\S T | 10651 | 03/26/2014 | 03/26/2014 | كتاب |

